header

Literature and legal discourse (Record no. 11289)

MARC details
000 -LEADER
fixed length control field 01431nam a2200349 a 4500
082 04 - DEWEY DECIMAL CLASSIFICATION NUMBER
Classification number 823.009/355
100 1# - MAIN ENTRY--AUTHOR NAME
Personal name Polloczek, Dieter.
245 10 - TITLE STATEMENT
Title Literature and legal discourse
260 ## - PUBLICATION, DISTRIBUTION, ETC. (IMPRINT)
Place of publication Cambridge, UK ;
-- New York :
Name of publisher Cambridge University Press,
Year of publication 1999.
300 ## - PHYSICAL DESCRIPTION
Number of Pages viii, 269 p.
650 #0 - SUBJECT ADDED ENTRY--TOPICAL TERM
Topical Term Legal stories, English
Topical Term English fiction
Topical Term Equity
Topical Term Discourse analysis, Literary.
Topical Term Ethics in literature.
Topical Term Law and literature.
856 40 - ELECTRONIC LOCATION AND ACCESS
Uniform Resource Identifier http://site.ebrary.com/lib/rucke/Doc?id=10014999

No items available.

© 2026 Rongo University
Contact us: librarian | system librarian | Rongo university